000 01470cam a2200385 a 4500
001 17266559
003 OSt
005 20211015103049.0
008 120421s2012 gw a b 001 0 eng
010 _a 2012392270
020 _a9783895783517
038 _aKhadija
040 _aDLC
_cDLC
_dDLC
042 _apcc
050 0 0 _aTK5103.15
_b.Z45 2012
082 _a621.317
_bZIE
100 1 _aZiegler, Gerhard,
_d1939-
_983207
245 1 0 _aNumerical differential protection :
_bprinciples and applications /
_cby Gerhard Ziegler.
250 _a2nd ed.
260 _aErlangen [Germany] :
_bPublicis Pub.,
_c2012.
300 _a287 p. :
_bill. ;
_c25 cm.
500 _a"Siemens"--Cover.
504 _aIncludes bilbiographical references (p. 275-282) and index.
563 _aHardcover
650 0 _aTelecommunication lines
_xProtection.
_983208
650 0 _aElectric measurements
_xMathematics.
_983209
650 0 _aProtective relays.
_941437
650 0 _aDifferential operators.
_983210
856 4 2 _3Contributor biographical information
_uhttp://www.loc.gov/catdir/enhancements/fy1210/2012392270-b.html
856 4 2 _3Publisher description
_uhttp://www.loc.gov/catdir/enhancements/fy1210/2012392270-d.html
856 4 1 _3Table of contents only
_uhttp://www.loc.gov/catdir/enhancements/fy1210/2012392270-t.html
906 _a7
_bcbc
_corigcop
_d2
_encip
_f20
_gy-gencatlg
942 _2ddc
_cBK
999 _c32899
_d32899